| 000 | 00000nam 2200000zi 4500 |
| 001 | 9.942241 |
| 003 | CaOODSP |
| 005 | 20250107150416 |
| 006 | m o d f |
| 007 | cr |n||||||||| |
| 008 | 240822e20241112onc ob f000 0 fre d |
| 020 | |a9780660732862 |
| 040 | |aCaOODSP|bfre|erda|cCaOODSP |
| 043 | |an-cn--- |
| 086 | 1 |aH139-5/2024F-PDF |
| 245 | 00|aGuide de validation des procédés de stérilisation terminale des drogues (GUI-0074). |
| 264 | 1|a[Ottawa] : |bSanté Canada = Health Canada, |c12 novembre 2024. |
| 264 | 4|c©2024 |
| 300 | |a1 ressource en ligne (49 pages) |
| 336 | |atexte|btxt|2rdacontent/fre |
| 337 | |ainformatique|bc|2rdamedia/fre |
| 338 | |aressource en ligne|bcr|2rdacarrier/fre |
| 500 | |aPublié aussi en anglais sous le titre : Guide to validation of terminal sterilization process of drugs (GUI-0074). |
| 500 | |a« Pub. : 240500. » |
| 504 | |aComprend des références bibliographiques (pages 48-49). |
| 520 | |a« Le présent guide a été conçu pour les fabricants de drogues stériles. Il fournit des lignes directrices sur la manière d'établir l’efficacité scientifique des procédés de stérilisation terminale » -- Objet, page 4. |
| 650 | 6|aMédicaments|xStérilisation|zCanada. |
| 710 | 1 |aCanada. |bSanté Canada, |eorganisme de publication. |
| 775 | 08|tGuide to validation of terminal sterilization process of drugs (GUI-0074).|w(CaOODSP)9.942238 |
| 856 | 40|qPDF|s948 Ko|uhttps://publications.gc.ca/collections/collection_2025/sc-hc/H139-5-2024-fra.pdf |
| 856 | 4 |qHTML|sS.O.|uhttps://www.canada.ca/fr/sante-canada/services/medicaments-produits-sante/conformite-application-loi/bonnes-pratiques-fabrication/documents-orientation/guide-validation-procedes-sterilisation-terminale-drogues-gui-0074.html |